000 00605nam a22002057a 4500
999 _c3936
_d3893
008 191016b ||||| |||| 00| p eng d
020 _a9786055497194
041 _atur
050 _aPL248.C3656
100 _9317
_aUzunbay, Zeynep
245 _aaydınlığım deliyim rüzgarlıyım
_cEditör : Bülent Usta
250 _a1.Basım
260 _aİstanbul:
_bKomşu Yayınları,
_cEylül 2011
300 _a131 Sayfa
500 _aKomşu Yayınları ; 92 İnceleme ; 4
650 0 _9145
_aTürk Edebiyatı
650 0 _91689
_aEdebiyat-İnceleme
700 _9665
_aUsta, Bülent
942 _2lcc
_cBK